000 00573nam a2200193Ia 4500
005 20260114185817.0
008 008 260114s9999 xx 000 0 eng d
020 _a9781474262880
037 _aEBOOK
040 _aCRL
_beng
_cCRL
041 _aeng
_2eng
084 _qCRL
100 _aCarol Tulloch
_9874689
245 4 _aThe Birth of Cool Style Narratives of the African Diaspora
260 _bBloomsbury
_c2016
856 _uhttps://doi.org/10.5040/9781474262880?locatt=label:secondary_bloomsburyCollections
942 _cEBOOK
999 _c1473623
_d1473623